A dictionary of ecology.

Salvato in:
Dettagli Bibliografici
Natura: Libro
Lingua:English
Pubblicazione: Oxford ; New York : Oxford University Press, 1998.
Edizione:2nd edition.
Soggetti:
Tags: Aggiungi Tag
Nessun Tag, puoi essere il primo ad aggiungerne! !
Thư viện lưu trữ: Mạng thư viện Đại học Đà Nẵng
LEADER 00854cam a2200337 i 4500
001 000046053
003 5320
005 20030401105348.0
008 010220|1998 vm 000 eng
020 |a 0192800787 
040 |a IRC  |c IRC  |d IRC 
041 0 |a eng 
082 1 4 |a 577.03  |b Di-E 
245 0 2 |a A dictionary of ecology. 
250 |a 2nd edition. 
260 |a Oxford ; New York :  |b Oxford University Press,  |c 1998. 
300 |a vi, 440p. :  |b ill. 
630 0 4 |a Environmental sciences. 
630 0 4 |a Ecology. 
650 0 4 |a Ecology  |v Dictionaries. 
650 0 4 |a Environmental sciences  |v Dictionaries. 
OWN |a DUT 
999 |a From the UDN01 
TYP |a Monograph 
TYP |a Printed language 
980 |a Mạng thư viện Đại học Đà Nẵng